Central Library OPAC University of Rajshahi

Caliphate : (Record no. 32834)

MARC details
000 -LEADER
fixed length control field 00673nam a2200217 a 4500
001 - CONTROL NUMBER
control field 32834
003 - CONTROL NUMBER IDENTIFIER
rucl marc code BD-RjUL
005 - DATE AND TIME OF LATEST TRANSACTION
control field 20211209051913.0
008 - FIXED-LENGTH DATA ELEMENTS--GENERAL INFORMATION
fixed length control field 161204m19541927pk 000 0 eng d
035 ## - SYSTEM CONTROL NUMBER
System control number (BD-RjUL)32924
040 ## - CATALOGING SOURCE
Original cataloging agency TEU
Transcribing agency TEU
Modifying agency BD-RjUL
Language of cataloging eng
041 ## - LANGUAGE CODE
Language code of text/sound track or separate title eng
082 04 - DEWEY DECIMAL CLASSIFICATION NUMBER
Classification number 297.09
Author mark and year BUC 1954
Edition number 23
100 1# - MAIN ENTRY--PERSONAL NAME
Personal name Bukhsh, Khuda S.
9 (RLIN) 19168
245 10 - TITLE STATEMENT
Title Caliphate :
Remainder of title studies in social and political conditions, literary & scientific activities, its decline & fall /
Statement of responsibility, etc. by S. Khuda Bukhsh
250 ## - EDITION STATEMENT
Edition statement 1st ed.
260 ## - PUBLICATION, DISTRIBUTION, ETC. (IMPRINT)
Place of publication, distribution, etc. Lahore :
Name of publisher, distributor, etc. Orinetalia,
Date of publication, distribution, etc. 1927,[Reprinted 1954]
300 ## - PHYSICAL DESCRIPTION
Pagination 106 p. ;
Size 22 cm.
650 #0 - SUBJECT ADDED ENTRY--TOPICAL TERM
Topical term or geographic name as entry element Islam
9 (RLIN) 77563
General subdivision History.
942 ## - ADDED ENTRY ELEMENTS (KOHA)
Source of classification or shelving scheme Dewey Decimal Classification
Koha item type Books
Holdings
Lost status Source of classification or shelving scheme Damaged status Not for loan Collection code Permanent Location Current Location Shelving location Date acquired Source of acquisition Cost, normal purchase price Total Checkouts Full call number Date last seen Copy number Koha item type
  Dewey Decimal Classification     Non-fiction Central Library, University of Rajshahi Central Library, University of Rajshahi   06/06/1995 B.H.Blackkwell 3.12   297.09 BUC 1954 28/04/2014 C-2 Books
  Dewey Decimal Classification     Non-fiction Central Library, University of Rajshahi Central Library, University of Rajshahi Reading Room 15/02/1955 W.B.C.,Dhaka 3.12   297.09 BUC 1954 04/12/2016 C-1 Books